|
|
|
|
| LEADER |
007990000a22002410004500 |
| 020 |
|
|
|a 81-261-0886-X
|
| 082 |
|
|
|a 025.84 P1
|
| 100 |
|
|
|a Paliwal, P K; Editor
|
| 100 |
|
|
|a Shyama Balakrishnan; Editor
|
| 245 |
|
|
|a Preservation of library collections
|
| 250 |
|
|
|
| 260 |
|
|
|a New Delhi, Anmol Publications Pvt Ltd
|
| 260 |
|
|
|c 2001
|
| 460 |
|
|
|a viii,294p
|
| 465 |
|
|
|a Rs.800.00
|
| 490 |
|
|
|a Encyclopedia of library and information technology for 21st century series
|
| 500 |
|
|
|a ed by Shyama Balakrishnan and P K Paliwal
|
| 500 |
|
|
|a Includes index
|
| 650 |
|
|
|a Books
|
| 650 |
|
|
|a Conservation and restoration
|
| 942 |
|
|
|c BK
|
| 999 |
|
|
|c 34095
|d 34095
|
| 952 |
|
|
|0 0
|1 0
|4 0
|6 025_840000000000000_P1
|7 0
|8 ENG
|9 34405
|a MGUL
|b MGUL
|d 2013-07-16
|e Rs.800.00
|l 0
|o 025.84 P1
|p 34518
|r 2013-07-16
|w 2013-07-16
|y BK
|